|
|
|
|
| LEADER |
01316cam a2200325 a 4500 |
| 001 |
c000133069 |
| 003 |
CARM |
| 005 |
19981013000000.0 |
| 008 |
790702s1978 at b 000 0 eng d |
| 019 |
1 |
|
|a 1468481
|z 40709767
|z 23082785
|5 LACONCORD2021
|
| 020 |
|
|
|a 0708104932 :
|c $15.00 Aust.
|
| 035 |
|
|
|a (OCoLC)5220777
|5 LACONCORD2021
|
| 040 |
|
|
|a ANB
|b eng
|c ANB
|d NU
|
| 042 |
|
|
|a anuc
|
| 082 |
0 |
4 |
|a 001.6424
|
| 082 |
0 |
4 |
|a 001.642
|
| 245 |
0 |
0 |
|a Programming language systems /
|c editors: M.C. Newey, R.B. Stanton and G.L. Wolfendale.
|
| 260 |
|
|
|a Canberra :
|b Australian National University Press,
|c 1978.
|
| 300 |
|
|
|a 235p. :
|b diagrs. ;
|c 25cm.
|
| 500 |
|
|
|a Computer systems. Programming. Essays (ANB/PRECIS SIN 0236780)
|
| 500 |
|
|
|a Computer systems. Programming languages. Essays (ANB/PRECIS SIN 0236799)
|
| 504 |
|
|
|a Includes bibliographies.
|
| 650 |
|
0 |
|a Computer programming.
|
| 650 |
|
0 |
|a Programming languages (Electronic computers)
|
| 700 |
1 |
|
|a Wolfendale, Garth Leslie.
|
| 700 |
1 |
|
|a Newey, Malcolm Charles.
|
| 700 |
1 |
|
|a Stanton, R. B.
|q (Robin Barrington)
|
| 852 |
8 |
|
|b CARM
|h A2:AK01F0
|i C04949
|p 0189745
|f BK
|
| 999 |
f |
f |
|i 3b7ccced-4b80-587c-8bc1-9cbcebfbc533
|s 691891c1-cad3-514a-8afa-4726ba8132b1
|
| 952 |
f |
f |
|p Can circulate
|a CAVAL
|b CAVAL
|c CAVAL
|d CARM 1 Store
|e C04949
|f A2:AK01F0
|h Other scheme
|i book
|m 0189745
|